Конструирование роботизированного катетерного устройства для доставки инструмента внутрь работающего сердца; Молодежь и современные информационные технологии

Bibliographic Details
Parent link:Молодежь и современные информационные технологии.— 2018.— [С. 108-109]
Main Author: Колпащиков Д. Ю. Дмитрий Юрьевич
Corporate Author: Национальный исследовательский Томский политехнический университет (ТПУ) Управление проректора по научной работе и инновациям (НРиИ) Центр RASA в Томске Лаборатория дизайна медицинских изделий (Лаб. ДМИ)
Other Authors: Шеломенцев Е. Е. Егор Евгеньевич (научный руководитель), Гергет О. М. Ольга Михайловна
Summary:Заглавие с титульного экрана
Language:Russian
Published: 2018
Series:Автоматизация и управление в технических системах
Subjects:
Online Access:http://earchive.tpu.ru/handle/11683/46549
Format: Electronic Book Chapter
KOHA link:https://koha.lib.tpu.ru/cgi-bin/koha/opac-detail.pl?biblionumber=626232

MARC

LEADER 00000naa2a2200000 4500
001 626232
005 20231101133412.0
035 |a (RuTPU)RU\TPU\conf\25585 
035 |a RU\TPU\conf\25580 
090 |a 626232 
100 |a 20180221d2018 k y0rusy50 ca 
101 0 |a rus 
102 |a RU 
105 |a y z 101zy 
135 |a drcn ---uucaa 
181 0 |a i  
182 0 |a b 
200 1 |a Конструирование роботизированного катетерного устройства для доставки инструмента внутрь работающего сердца  |f Д. Ю. Колпащиков, Е. Е. Шеломенцев  |g науч. рук. О. М. Гергет 
203 |a Текст  |c электронный 
225 1 |a Автоматизация и управление в технических системах 
230 |a 1 компьютерный файл (pdf; 436 Кb) 
300 |a Заглавие с титульного экрана 
320 |a [Библиогр.: с. 109 (3 назв.)] 
463 0 |0 (RuTPU)RU\TPU\conf\25518  |t Молодежь и современные информационные технологии  |o сборник трудов XV Международной научно-практической конференции студентов, аспирантов и молодых учёных, 04-07 декабря 2017 г., г. Томск  |f Национальный исследовательский Томский политехнический университет, Инженерная школа информационных технологий и робототехники ; под ред. С. С. Михалевич [и др.]  |v [С. 108-109]  |d 2018 
610 1 |a электронный ресурс 
610 1 |a труды учёных ТПУ 
610 1 |a конструирование 
610 1 |a катетеры 
610 1 |a сердце 
610 1 |a сердечные заболевания 
610 1 |a математические модели 
610 1 |a кинематика 
700 1 |a Колпащиков  |b Д. Ю.  |c специалист в области машиностроения  |c инженер Томского политехнического университета  |f 1992-  |g Дмитрий Юрьевич  |2 stltpush  |3 (RuTPU)RU\TPU\pers\40127 
701 1 |a Шеломенцев  |b Е. Е.  |c специалист в области информатики и вычислительной техники  |c ассистент кафедры Томского политехнического университета  |f 1993-  |g Егор Евгеньевич  |2 stltpush  |3 (RuTPU)RU\TPU\pers\31572 
702 1 |a Гергет  |b О. М.  |c специалист в области информатики и вычислительной техники  |c доцент Томского политехнического университета, кандидат технических наук  |f 1974-  |g Ольга Михайловна  |2 stltpush  |4 727 
712 0 2 |a Национальный исследовательский Томский политехнический университет (ТПУ)  |b Управление проректора по научной работе и инновациям (НРиИ)  |b Центр RASA в Томске  |b Лаборатория дизайна медицинских изделий (Лаб. ДМИ)  |h 7605  |2 stltpush  |3 (RuTPU)RU\TPU\col\22092 
801 2 |a RU  |b 63413507  |c 20201229  |g RCR 
856 4 |u http://earchive.tpu.ru/handle/11683/46549 
942 |c BK